| 000 | 00859nab a2200241u 4500 | ||
|---|---|---|---|
| 001 | 15759 | ||
| 003 | HDC | ||
| 007 | c| |||a|c|aaaa | ||
| 008 | 210218b20140421my ||||| |||| 00| 0 may d | ||
| 040 | _aHDC | ||
| 100 |
_aAnwar Hussin & Khairul Anuar Abdul Samad / _eauthor _915837 |
||
| 245 | 0 |
_aMalaysia model, peneraju sistem kewangan Islam / _cAnwar Hussin & Khairul Anuar Abdul Samad |
|
| 336 |
_atext _2rdacontent |
||
| 337 |
_acomputer _2rdamedia |
||
| 338 |
_aonline resource _2rdacarrier |
||
| 650 |
_aIslamic Finance _9181 |
||
| 650 |
_aMini Rural Transformation Center(RTC) _915838 |
||
| 710 | _aBERITA HARIAN | ||
| 856 | _zRequest full-text at [email protected] | ||
| 942 | _2lcc | ||
| 942 | _cNEWS | ||
| 942 | _kNWSC 003757 | ||
| 999 |
_c13075 _d13075 |
||